[Event "OIBM 2001"]
[Site "Bad Wiessee"]
[Date "2001.11.02"]
[Round "7"]
[White "Gleizerov, Evgeny"]
[Black "Sandipan, Chanda"]
[Result "1-0"]
[WhiteElo "2575"]
[BlackElo "2404"]
[PlyCount "77"]

1. d4 d5 2. c4 e6 3. Nf3 c6 4. g3 Nf6 5. Bg2 Nbd7 6. O-O Be7 7. Nc3 dxc4 8. e4
O-O 9. Bf4 b5 10. d5 b4 11. d6 bxc3 12. dxe7 Qxe7 13. Bd6 Qd8 14. Bxf8 cxb2 15.
Rb1 Qxf8 16. Rxb2 c3 17. Rc2 Nxe4 18. Re1 f5 19. Nd4 Ndf6 20. Ne2 Bb7 21. Nxc3
c5 22. Nxe4 Bxe4 23. Bxe4 fxe4 24. Qe2 Rd8 25. Rec1 Rd5 26. Qa6 h5 27. Qxe6+
Kh7 28. h3 g6 29. Rb2 Qd8 30. Rb7+ Kh6 31. Qe7 Rd1+ 32. Rxd1 Qxd1+ 33. Kh2 Qd4
34. Qf8+ Kg5 35. h4+ Kg4 36. Kg2 Qe5 37. Qc8+ Qf5 38. Qxf5+ Kxf5 39. Rc7 1-0

[Event "OIBM 2001"]
[Site "Bad Wiessee"]
[Date "2001.11.02"]
[Round "7"]
[White "Handke, Florian"]
[Black "Schmaltz, Roland"]
[Result "1/2-1/2"]
[WhiteElo "2407"]
[BlackElo "2536"]
[PlyCount "113"]

1. e4 g6 2. d4 Bg7 3. Nf3 d6 4. Bd3 Nd7 5. O-O e5 6. c3 Ngf6 7. Re1 O-O 8. Bg5
h6 9. Bh4 b6 10. Nbd2 Bb7 11. b4 Re8 12. a3 a5 13. Rb1 axb4 14. axb4 Ra3 15.
Qc1 Ra7 16. Qb2 Qe7 17. d5 c6 18. c4 Rea8 19. Ra1 Qf8 20. Rxa7 Rxa7 21. dxc6
Bxc6 22. Ra1 Qa8 23. Rxa7 Qxa7 24. Ne1 Nf8 25. Nc2 Ne6 26. f3 h5 27. Bf2 Bh6
28. Nb1 Bg5 29. Nc3 h4 30. Bf1 Nd7 31. Nd5 Bd8 32. g3 hxg3 33. hxg3 Qb8 34. Qa3
Kg7 35. Be3 Nc7 36. b5 Bxd5 37. cxd5 Nc5 38. Nb4 Qa8 39. Qxa8 Nxa8 40. Nc6 Bf6
41. Kf2 Kf8 42. Ke1 Ke8 43. Kd2 Kd7 44. Kc3 Kc7 45. Kc4 Kb7 46. Bg2 g5 47. f4
gxf4 48. gxf4 Nd7 49. Bf3 Kc7 50. Bh5 exf4 51. Bxf4 Be5 52. Nxe5 Nxe5+ 53. Kd4
f6 54. Be8 Nd7 55. Bg3 Kd8 56. Bxd7 Kxd7 57. Bh4 1/2-1/2

[Event "OIBM 2001"]
[Site "Bad Wiessee"]
[Date "2001.11.02"]
[Round "7"]
[White "Mainka, Romuald"]
[Black "Lerner, Konstantin"]
[Result "0-1"]
[WhiteElo "2443"]
[BlackElo "2567"]
[PlyCount "76"]

1. e4 c5 2. Nf3 d6 3. d4 cxd4 4. Nxd4 Nf6 5. Nc3 Nc6 6. Bg5 e6 7. Qd2 Be7 8.
O-O-O O-O 9. h4 h6 10. Be3 Ng4 11. Nxc6 bxc6 12. Bf4 e5 13. Bg3 Be6 14. Be2 Qb6
15. f3 Nf6 16. Kb1 Rfd8 17. Na4 Qc7 18. c4 d5 19. cxd5 cxd5 20. Qc3 Qb7 21. Nc5
Bxc5 22. Qxc5 Rab8 23. Qa3 Nd7 24. exd5 Bxd5 25. Rd2 Nb6 26. Rhd1 Re8 27. Rc2
Be6 28. Ka1 f6 29. Rdc1 Rec8 30. Bf2 Rxc2 31. Rxc2 Rd8 32. Qa5 Kh8 33. b3 Bf5
34. Rd2 Rc8 35. Bc5 Qc7 36. b4 e4 37. Qa3 exf3 38. gxf3 Nc4 0-1

[Event "OIBM 2001"]
[Site "Bad Wiessee"]
[Date "2001.11.03"]
[Round "8"]
[White "Carlsen, Magnus"]
[Black "Wachinger, Günther"]
[Result "1/2-1/2"]
[WhiteElo "2072"]
[BlackElo "2234"]
[PlyCount "30"]

1. e4 c5 2. Nf3 e6 3. d4 cxd4 4. Nxd4 a6 5. Bd3 Qb6 6. Nb3 Qc7 7. O-O Nf6 8.
Nc3 b5 9. Qe2 d6 10. f4 Nbd7 11. Bd2 b4 12. Nd1 Bb7 13. Nf2 a5 14. Nd4 Be7 15.
Rae1 O-O 1/2-1/2

[Event "OIBM 2001"]
[Site "Bad Wiessee"]
[Date "2001.11.03"]
[Round "8"]
[White "Dautov, Rustem"]
[Black "Ibragimov, Ildar"]
[Result "1/2-1/2"]
[WhiteElo "2630"]
[BlackElo "2567"]
[PlyCount "65"]

1. d4 Nf6 2. c4 e6 3. Nc3 Bb4 4. Qc2 O-O 5. a3 Bxc3+ 6. Qxc3 b6 7. Bg5 Bb7 8.
f3 h6 9. Bh4 d5 10. e3 Nbd7 11. cxd5 Nxd5 12. Bxd8 Nxc3 13. Bh4 Nd5 14. Bf2 f5
15. Bd3 e5 16. Ne2 Rae8 17. O-O e4 18. fxe4 fxe4 19. Bc4 N7f6 20. Nc3 Kh7 21.
Nxd5 Bxd5 22. Be2 Bb7 23. b4 Nd5 24. Bc4 a6 25. Rac1 Re7 26. Ba2 g5 27. Rfe1
Nf6 28. Bg3 Bd5 29. Bb1 Ref7 30. Re2 b5 31. Rc5 c6 32. h3 Nd7 33. Rc3 1/2-1/2

[Event "OIBM 2001"]
[Site "Bad Wiessee"]
[Date "2001.11.03"]
[Round "8"]
[White "Epishin, Vladimir"]
[Black "Pezerovic, Edin"]
[Result "1-0"]
[WhiteElo "2583"]
[BlackElo "2415"]
[PlyCount "135"]

1. d4 Nf6 2. c4 e6 3. Nc3 Bb4 4. e3 O-O 5. Bd3 d6 6. Nge2 b6 7. O-O Bxc3 8.
Nxc3 Bb7 9. e4 e5 10. d5 Nbd7 11. Be3 Nc5 12. Bc2 a5 13. a3 Bc8 14. f3 Bd7 15.
b4 Nb7 16. Qd2 Qe7 17. Rfc1 Ra7 18. Bb3 Rfa8 19. Rab1 h6 20. Ne2 axb4 21. axb4
Ne8 22. Nc3 Kh8 23. Rf1 g5 24. Qb2 f6 25. Ra1 Qd8 26. Kf2 Kg7 27. Ke2 Qb8 28.
Kd2 Rxa1 29. Rxa1 Ra7 30. Rh1 Ra8 31. h4 Qa7 32. Bc2 Qa3 33. Qxa3 Rxa3 34. g3
Ra8 35. f4 Kg6 36. Bd1 Ng7 37. Kc1 Ra1+ 38. Kb2 Ra8 39. Be2 Re8 40. f5+ Kf7 41.
Ra1 Rb8 42. Ra7 Ke7 43. Bd1 Be8 44. g4 Bd7 45. h5 Ne8 46. Ka3 Kd8 47. Ba4 Bxa4
48. Kxa4 Kc8 49. Kb5 Nd8 50. Ka6 c5 51. Nb5 Rb7 52. Rxb7 Nxb7 53. Kxb6 cxb4 54.
Na7+ Kb8 55. Nc6+ Kc8 56. Nxb4 Nd8 57. Na6 Nb7 58. Nb4 Nd8 59. Nc6 Nf7 60. Bd2
Nc7 61. Ba5 Kd7 62. Kb7 Ne8 63. Bb6 Ng7 64. Nb8+ Ke7 65. Kc8 Nxh5 66. gxh5 g4
67. c5 g3 68. c6 1-0

[Event "OIBM 2001"]
[Site "Bad Wiessee"]
[Date "2001.11.03"]
[Round "8"]
[White "Hakobyan, Vladimir"]
[Black "Khenkin, Igor"]
[Result "1-0"]
[WhiteElo "2660"]
[BlackElo "2572"]
[PlyCount "111"]

1. d4 d5 2. c4 c6 3. Nc3 e6 4. e3 Nf6 5. Nf3 Nbd7 6. Bd3 dxc4 7. Bxc4 b5 8. Bd3
Bb7 9. O-O a6 10. e4 c5 11. d5 Qc7 12. dxe6 fxe6 13. Bc2 Bd6 14. Ng5 Nf8 15. f4
O-O-O 16. Qe2 h6 17. Nf3 Bxf4 18. e5 Bxf3 19. Rxf3 Bxe5 20. a4 b4 21. Qxa6+ Kd7
22. Nb5 Qc6 23. Qa7+ Ke8 24. Be3 c4 25. Rd1 Rxd1+ 26. Bxd1 N8d7 27. Rf2 Ke7 28.
Bf3 Nd5 29. Bxd5 exd5 30. Qa5 b3 31. Bd4 Bf6 32. Qa7 Re8 33. Bxf6+ gxf6 34. Nc7
Rg8 35. Qe3+ Kd8 36. Ne6+ Kc8 37. Nd4 Qb6 38. h3 Ne5 39. a5 Qxa5 40. Rxf6 Re8
41. Rf5 Qa1+ 42. Rf1 Qa7 43. Kh1 h5 44. Re1 Qd7 45. Qh6 Nc6 46. Ra1 Nb8 47. Qb6
Re7 48. Nb5 Qc6 49. Na7+ Rxa7 50. Qxa7 Nd7 51. Qd4 Qc5 52. Qh8+ Kc7 53. Qxh5 d4
54. Qf7 Kd6 55. Ra6+ Nb6 56. Qb7 1-0

[Event "OIBM 2001"]
[Site "Bad Wiessee"]
[Date "2001.11.03"]
[Round "8"]
[White "Lerner, Konstantin"]
[Black "Shabalov, Alexander"]
[Result "0-1"]
[WhiteElo "2567"]
[BlackElo "2585"]
[PlyCount "96"]

1. d4 Nf6 2. c4 e6 3. Nc3 Bb4 4. e3 O-O 5. Bd3 d5 6. Nge2 b6 7. cxd5 exd5 8. a3
Bd6 9. b4 c6 10. h3 a5 11. Rb1 axb4 12. axb4 b5 13. O-O Qe7 14. Qb3 Na6 15. Na2
Nc7 16. Nac3 Na6 17. Na2 Bb8 18. Nac3 h5 19. Re1 Bd6 20. Ba3 Nc7 21. Ng3 Bxg3
22. fxg3 Ne6 23. Rf1 Nxd4 24. Nxd5 Nxd5 25. exd4 Be6 26. Bc2 g6 27. Bc1 Ra6 28.
Bd2 Rfa8 29. Qf3 Ra2 30. Rfc1 Nb6 31. Bh6 Bd5 32. Qf1 Kh7 33. Bf4 Nc4 34. Re1
Qf6 35. Re2 Na3 36. Rc1 Bc4 37. Bd1 h4 38. Qf3 Bxe2 39. Bxe2 Qxd4+ 40. Kh2 Re8
41. Bf1 Qd5 42. Qg4 hxg3+ 43. Qxg3 Nc4 44. Rc3 Nd2 45. Bd3 Kg7 46. Bxd2 Rxd2
47. Bf1 Qd6 48. Qxd6 Rxd6 0-1

[Event "OIBM 2001"]
[Site "Bad Wiessee"]
[Date "2001.11.03"]
[Round "8"]
[White "Lobron, Eric"]
[Black "Graf, Alexander"]
[Result "0-1"]
[WhiteElo "2524"]
[BlackElo "2610"]
[PlyCount "84"]

1. d4 Nf6 2. Nf3 d5 3. c4 e6 4. Nc3 Be7 5. Bg5 h6 6. Bh4 O-O 7. e3 Nbd7 8. Rc1
Re8 9. a3 dxc4 10. Bxc4 a6 11. Ba2 c5 12. d5 Nxd5 13. Nxd5 Bxh4 14. Nxh4 exd5
15. Qxd5 Ne5 16. Qxd8 Rxd8 17. O-O g5 18. Rxc5 Nd3 19. Rc7 gxh4 20. Rxf7 Kh8
21. Rf6 Kg7 22. Rf7+ Kg6 23. f4 Bf5 24. Rxb7 Rab8 25. Rxb8 Rxb8 26. b4 Rc8 27.
Bd5 Rc3 28. Ra1 h3 29. gxh3 Bxh3 30. Bb7 Rc2 31. Rd1 Nf2 32. Rd6+ Kh5 33. Rc6
Rb2 34. Rc1 Ng4 35. Bf3 Kh4 36. e4 Nxh2 37. Bh1 Ng4 38. e5 Nf2 39. Bb7 Nd3 40.
Rc3 Nxf4 41. Bxa6 Rg2+ 42. Kh1 Nh5 0-1

[Event "OIBM 2001"]
[Site "Bad Wiessee"]
[Date "2001.11.03"]
[Round "8"]
[White "Sandipan, Chanda"]
[Black "Taeger, Winfried"]
[Result "1-0"]
[WhiteElo "2404"]
[BlackElo "2281"]
[PlyCount "35"]

1. e4 e5 2. Nf3 Nc6 3. Bb5 a6 4. Ba4 d6 5. c3 f5 6. exf5 Bxf5 7. O-O Bd3 8. Re1
e4 9. Bc2 Be7 10. Bxd3 exd3 11. Qb3 d5 12. Qxb7 Na5 13. Qb4 Nc4 14. Qa4+ Kf7
15. b3 Nb6 16. Qf4+ Bf6 17. Ne5+ Kf8 18. Ba3+ 1-0

[Event "OIBM 2001"]
[Site "Bad Wiessee"]
[Date "2001.11.03"]
[Round "8"]
[White "Sax, Gyula"]
[Black "Grund, Holger"]
[Result "1-0"]
[WhiteElo "2593"]
[BlackElo "2466"]
[PlyCount "117"]

1. e4 c6 2. d4 d5 3. e5 Bf5 4. Nc3 e6 5. g4 Bg6 6. Nge2 Ne7 7. Nf4 c5 8. dxc5
Nec6 9. h4 Nxe5 10. Bg2 h6 11. Qe2 Nbc6 12. Nxg6 Nxg6 13. Bxd5 Bxc5 14. Bxc6+
bxc6 15. Bd2 Rb8 16. h5 Ne7 17. Ne4 Bd4 18. c3 Be5 19. f4 Bc7 20. O-O-O O-O 21.
f5 exf5 22. gxf5 Qd5 23. c4 Qe5 24. Bc3 Qxf5 25. Rdf1 Bf4+ 26. Kb1 Nd5 27. cxd5
Rbe8 28. Rh4 Rxe4 29. Qc2 Qxd5 30. Rhxf4 Rxf4 31. Rxf4 Qh1+ 32. Qc1 Qxh5 33. a3
f5 34. Be5 Re8 35. Bd4 Qg6 36. Bxa7 Qd6 37. Qc4+ Kh7 38. Bc5 Qd1+ 39. Ka2 Qh5
40. Qd3 Re5 41. Qc3 Qf7+ 42. Kb1 Qd5 43. Bd4 Re7 44. Rf1 Qe4+ 45. Ka1 f4 46.
Bb6 g5 47. Rd1 Qe2 48. Rc1 Rf7 49. Qb3 Rd7 50. Ka2 Qb5 51. a4 Qxb3+ 52. Kxb3
Rb7 53. a5 g4 54. Rc4 g3 55. Rxf4 h5 56. Rb4 Rxb6 57. axb6 g2 58. b7 g1=Q 59.
b8=Q 1-0

[Event "OIBM 2001"]
[Site "Bad Wiessee"]
[Date "2001.11.03"]
[Round "8"]
[White "Volokitin, Andrei"]
[Black "Dorfman, Josif"]
[Result "1/2-1/2"]
[WhiteElo "2566"]
[BlackElo "2599"]
[PlyCount "77"]

1. e4 e5 2. Nf3 Nc6 3. Bb5 a6 4. Ba4 Nf6 5. d4 exd4 6. O-O Be7 7. Re1 b5 8. Bb3
d6 9. a4 Bg4 10. axb5 axb5 11. Rxa8 Qxa8 12. Na3 Qa5 13. Qd2 Bxf3 14. gxf3 O-O
15. Qxa5 Nxa5 16. Nxb5 Nxb3 17. cxb3 c5 18. Bf4 Nh5 19. Bxd6 Bxd6 20. Nxd6 Nf4
21. Ra1 g6 22. Kf1 Rb8 23. Ra3 f6 24. Ke1 Kg7 25. Kd2 Kh6 26. Kc2 Kg5 27. Ra5
Kh4 28. Ra7 h5 29. Rf7 d3+ 30. Kc3 d2 31. Kxd2 Rxb3 32. Rxf6 g5 33. e5 Rxb2+
34. Kc3 Rxf2 35. Kc4 Rc2+ 36. Kb5 Rxh2 37. e6 Nxe6 38. Rxe6 Rf2 39. Nf5+
1/2-1/2

[Event "OIBM 2001"]
[Site "Bad Wiessee"]
[Date "2001.11.04"]
[Round "9"]
[White "Bromberger, Stefan"]
[Black "Grabarska, Barbara"]
[Result "1/2-1/2"]
[WhiteElo "2399"]
[BlackElo "2240"]
[PlyCount "62"]

1. e4 c5 2. Nf3 e6 3. d4 cxd4 4. Nxd4 Nc6 5. Nb5 d6 6. c4 Nf6 7. N1c3 a6 8. Na3
Be7 9. Be2 O-O 10. O-O b6 11. Be3 Bb7 12. Qb3 Nd7 13. Rfd1 Qc7 14. Rac1 Rac8
15. f3 Rfe8 16. Bf1 h6 17. Qc2 Qb8 18. Qf2 Ba8 19. Nab1 Red8 20. a3 Nce5 21.
Nd2 Nc5 22. Qg3 Kh8 23. b4 Ncd3 24. Rc2 a5 25. f4 axb4 26. Ncb1 bxa3 27. fxe5
Nb4 28. Rcc1 Na2 29. Rc2 Nb4 30. Rcc1 Na2 31. Rc2 Nb4 1/2-1/2

[Event "OIBM 2001"]
[Site "Bad Wiessee"]
[Date "2001.11.04"]
[Round "9"]
[White "Graf, Alexander"]
[Black "Volokitin, Andrei"]
[Result "1/2-1/2"]
[WhiteElo "2610"]
[BlackElo "2566"]
[PlyCount "67"]

1. d4 d6 2. c4 g6 3. e4 Bg7 4. Nc3 c5 5. dxc5 dxc5 6. Qxd8+ Kxd8 7. Be3 Bxc3+
8. bxc3 b6 9. Nf3 Nc6 10. Be2 Ke8 11. Nd2 Nf6 12. h3 Bb7 13. O-O Rd8 14. f3 Nh5
15. Rfb1 g5 16. Nb3 Ba6 17. Kh2 Nf4 18. Bf1 Ne5 19. Nd2 Rg8 20. a4 Rg6 21. a5
Bc8 22. axb6 axb6 23. Ra8 Rgd6 24. h4 h6 25. Rb2 f6 26. Kg1 Nfd3 27. Rb1 Be6
28. Ra6 Nxc4 29. Nxc4 Bxc4 30. Raxb6 Rxb6 31. Rxb6 Ne5 32. Rb1 Bxf1 33. Rxf1 c4
34. hxg5 1/2-1/2

[Event "OIBM 2001"]
[Site "Bad Wiessee"]
[Date "2001.11.04"]
[Round "9"]
[White "Grund, Holger"]
[Black "Aarthie, Ramaswamy"]
[Result "1-0"]
[WhiteElo "2466"]
[BlackElo "2301"]
[PlyCount "81"]

1. e4 c5 2. Nf3 Nc6 3. Bb5 e6 4. Bxc6 bxc6 5. O-O Ne7 6. Nc3 Ng6 7. d4 cxd4 8.
Qxd4 f6 9. e5 fxe5 10. Nxe5 Nxe5 11. Qxe5 Qf6 12. Qg3 Qg6 13. Qxg6+ hxg6 14.
Bf4 Be7 15. Ne4 d5 16. Nd6+ Bxd6 17. Bxd6 Bd7 18. Rfe1 Rc8 19. Rad1 Kf7 20. Bc5
a6 21. Rd3 Rb8 22. Rf3+ Kg8 23. b3 Rh5 24. g4 Rh8 25. h3 Rb7 26. Ree3 Kh7 27.
Rf7 Re8 28. Ref3 Bc8 29. Rxb7 Bxb7 30. Rf7 Bc8 31. Rc7 e5 32. Rxc6 d4 33. Rc7
Be6 34. f4 Rc8 35. Rxc8 Bxc8 36. fxe5 d3 37. cxd3 Be6 38. Kf2 Kg8 39. Ke3 Kf7
40. Ke4 Ke8 41. d4 1-0

[Event "OIBM 2001"]
[Site "Bad Wiessee"]
[Date "2001.11.04"]
[Round "9"]
[White "Khenkin, Igor"]
[Black "Sandipan, Chanda"]
[Result "1-0"]
[WhiteElo "2572"]
[BlackElo "2404"]
[PlyCount "71"]

1. d4 d5 2. c4 e6 3. Nf3 c6 4. e3 Nd7 5. Bd3 dxc4 6. Bxc4 b5 7. Bd3 Bb7 8. O-O
a6 9. a4 Ngf6 10. Qe2 bxa4 11. Rxa4 c5 12. Nc3 Qb6 13. Rd1 Be7 14. e4 cxd4 15.
Rxd4 e5 16. Rc4 Bc6 17. Bg5 O-O 18. Nd5 Bxd5 19. exd5 h6 20. Rc6 Qb4 21. d6
hxg5 22. dxe7 Qxe7 23. Nxg5 a5 24. Bc4 e4 25. Rc7 Rad8 26. h4 g6 27. Bb5 Qe5
28. Rcxd7 Nxd7 29. Bxd7 Qe7 30. Qd2 Rfe8 31. Nxf7 Rxd7 32. Qxd7 Qxf7 33. Qg4
Re7 34. h5 Kh7 35. hxg6+ Qxg6 36. Qh4+ 1-0

[Event "OIBM 2001"]
[Site "Bad Wiessee"]
[Date "2001.11.04"]
[Round "9"]
[White "Odeev, Hanjar"]
[Black "Köpke, Christian"]
[Result "1-0"]
[WhiteElo "2488"]
[BlackElo "2190"]
[PlyCount "69"]

1. e4 c5 2. Nf3 d6 3. d4 cxd4 4. Nxd4 Nf6 5. Nc3 g6 6. Be2 Bg7 7. O-O O-O 8.
Bg5 Nc6 9. Nb3 a6 10. Re1 b5 11. Bf1 Bb7 12. a4 b4 13. Nd5 Nd7 14. Rb1 Re8 15.
Qd2 a5 16. Bb5 Rc8 17. c3 bxc3 18. bxc3 Nce5 19. Nd4 Ba8 20. f4 Nc6 21. Nb3 f6
22. Bh4 e6 23. Ne3 g5 24. Bg3 gxf4 25. Bxf4 Nce5 26. Bxe5 Nxe5 27. Bxe8 Qxe8
28. Qxd6 Bxe4 29. Rbd1 Rxc3 30. Nc5 Bc6 31. Nxe6 Rxe3 32. Rxe3 Nc4 33. Qg3 Qg6
34. Qb8+ Be8 35. Rg3 1-0

[Event "OIBM 2001"]
[Site "Bad Wiessee"]
[Date "2001.11.04"]
[Round "9"]
[White "Psakhis, Lev"]
[Black "Spiess, Gunter"]
[Result "1/2-1/2"]
[WhiteElo "2573"]
[BlackElo "2408"]
[PlyCount "94"]

1. d4 d6 2. e4 Nf6 3. f3 g6 4. c4 Bg7 5. Nc3 O-O 6. Bg5 c5 7. d5 e6 8. Qd2 exd5
9. Nxd5 Be6 10. Ne2 Bxd5 11. cxd5 b5 12. a4 bxa4 13. Nc3 Nbd7 14. Rxa4 Rb8 15.
Rxa7 Rb4 16. Be2 Qb6 17. Ra2 Rb8 18. Nd1 Ne8 19. O-O Nc7 20. Bh6 Bh8 21. Kh1
Nb5 22. Ne3 Nd4 23. Nc4 Qc7 24. Bf4 Ne5 25. Bxe5 Bxe5 26. Bd3 Bg7 27. Ra6 Rd8
28. Qf4 Rb3 29. Rd1 Be5 30. Nxe5 dxe5 31. Qf6 Re8 32. Bc4 Rxb2 33. d6 Qb7 34.
h4 Rf8 35. h5 gxh5 36. Qg5+ Kh8 37. Qxe5+ f6 38. Qxc5 Qg7 39. Bf1 Ne2 40. d7
Ng3+ 41. Kg1 Rg8 42. Qd6 Nxf1 43. g4 Nh2 44. Qxh2 Rxh2 45. d8=Q hxg4 46. Qxf6
Qxf6 47. Rxf6 Re2 1/2-1/2

[Event "OIBM 2001"]
[Site "Bad Wiessee"]
[Date "2001.11.04"]
[Round "9"]
[White "Rozentalis, Eduardas"]
[Black "Polak, Tomas"]
[Result "1-0"]
[WhiteElo "2601"]
[BlackElo "2478"]
[PlyCount "75"]

1. e4 c6 2. d4 d5 3. exd5 cxd5 4. c4 Nf6 5. Nc3 e6 6. Nf3 Bb4 7. cxd5 Nxd5 8.
Bd2 Nc6 9. Bd3 O-O 10. O-O Be7 11. Nxd5 Qxd5 12. Bc3 Nb4 13. Bxb4 Bxb4 14. Qc2
Qh5 15. Ne5 Rd8 16. Rad1 Bd6 17. f4 f6 18. Nc4 Bf8 19. Rf3 f5 20. Be2 Qh4 21.
Ne5 Bd6 22. Bc4 Qf6 23. Re3 h6 24. Bb3 b6 25. Kh1 Bb7 26. Nd7 Qh4 27. Rxe6 Kh8
28. Rxd6 Qxf4 29. Ne5 Rxd6 30. Nf7+ Kh7 31. Nxd6 Qxd6 32. Qxf5+ Kh8 33. Rf1 Re8
34. Bc2 g6 35. Qf7 Bxg2+ 36. Kxg2 Re2+ 37. Rf2 Qc6+ 38. Kf1 1-0

[Event "OIBM 2001"]
[Site "Bad Wiessee"]
[Date "2001.11.04"]
[Round "9"]
[White "Shabalov, Alexander"]
[Black "Krasenkow, Michal"]
[Result "1/2-1/2"]
[WhiteElo "2585"]
[BlackElo "2592"]
[PlyCount "59"]

1. d4 Nf6 2. c4 g6 3. g3 Bg7 4. Bg2 d5 5. cxd5 Nxd5 6. e4 Nb6 7. Ne2 O-O 8.
Nbc3 e5 9. d5 c6 10. O-O Na6 11. b3 cxd5 12. exd5 Bf5 13. a4 Qd7 14. Ba3 Rfd8
15. Qd2 Bh3 16. Bxh3 Qxh3 17. Rfd1 Nc7 18. d6 Ne6 19. a5 Nd7 20. Nd5 e4 21. Bb2
Ne5 22. Bxe5 Bxe5 23. Ra4 Bxd6 24. Rxe4 Bf8 25. Nef4 Qf5 26. Qe2 Rac8 27. h4
Rc5 28. g4 Nxf4 29. Rxf4 Qc8 30. Nf6+ 1/2-1/2

[Event "OIBM 2001"]
[Site "Bad Wiessee"]
[Date "2001.11.04"]
[Round "9"]
[White "Smith, Bryan"]
[Black "Farago, Ivan"]
[Result "1/2-1/2"]
[WhiteElo "2312"]
[BlackElo "2527"]
[PlyCount "115"]

1. e4 c5 2. Nf3 e6 3. d3 Nc6 4. g3 d5 5. Qe2 d4 6. Bg2 e5 7. O-O Bd6 8. Nbd2
Nge7 9. Nh4 O-O 10. Nc4 Bc7 11. a4 Be6 12. f4 exf4 13. gxf4 Ng6 14. Nxg6 fxg6
15. Bd2 Qd7 16. Rf2 Rf7 17. Raf1 Raf8 18. h4 Bd8 19. h5 Bh4 20. hxg6 hxg6 21.
Rf3 Bg4 22. e5 Nd8 23. Nd6 Re7 24. Qe4 Bxf3 25. Rxf3 Qg4 26. Kh2 Ne6 27. Bh3
Qh5 28. Kg2 Kh7 29. a5 Kh8 30. b3 g5 31. f5 Nf4+ 32. Bxf4 gxf4 33. Rxf4 Bg5 34.
Bg4 Qh4 35. Rf3 Bh6 36. Rh3 Qg5 37. e6 b6 38. a6 Kg8 39. Nc4 Qc1 40. Qe2 Qg5
41. Rh5 Qf4 42. Ne5 Rf6 43. Ng6 Qd6 44. Qe4 Re8 45. Qb7 Kh7 46. Kf2 Kg8 47.
Qxa7 Qxe6 48. Bf3 Qe1+ 49. Kg2 Kh7 50. Kh3 Qf1+ 51. Kg3 Qg1+ 52. Kh3 Qf1+ 53.
Kg3 Qe1+ 54. Kh3 Re2 55. Bxe2 Qxe2 56. Kh4 Qh2+ 57. Kg4 Qg2+ 58. Kh4 1/2-1/2